Strategická analýza

Uložené v:
Podrobná bibliografia
Hlavný autor: Sedláčková, Helena
Ďalší autori: Buchta, Karel
Médium: Kniha
Jazyk:Czech
Vydavateľské údaje: Praha C.H. Beck 2006
Vydanie:2. přeprac. a dopln. vyd.
Edícia:C.H. Beck pro praxi
Predmet:
Tagy: Pridať tag
Žiadne tagy, Buďte prvý, kto otaguje tento záznam!

MARC

LEADER 00000nam$a2200000$$$4500
001 0045364
005 20240313090451.2
020 |a 80-7179-367-1 
041 0 |a cze 
044 |a CZ 
245 1 0 |a Strategická analýza  |c Helena Sedláčková, Karel Buchta 
250 |a 2. přeprac. a dopln. vyd. 
264 1 |a Praha  |b C.H. Beck  |c 2006 
300 |a 121 s. 
490 1 |a C.H. Beck pro praxi 
830 0 |a C.H. Beck pro praxi 
610 2 0 |a riadenie strategické 
610 2 0 |a stratégia podnikateľská 
610 2 0 |a stratégia podniková 
610 2 0 |a analýzy 
610 2 0 |a ciele podnikové 
610 2 0 |a rozhodovanie strategické 
100 1 |a Sedláčková, Helena 
700 1 |a Buchta, Karel